Statistiche per Elenca la formazione - Finale Mondiali 2010

Clicka qui per fare il quiz!

Statistiche generali

  • Questo quiz è stato fatto 36 volte
  • Il punteggio medio è 16 su 22

Statistiche sulle risposte

RuoloClub dell'epocaCalciatore% Corretto
AlaBarcellonaAndrés Iniesta
100%
PortiereReal MadridIker Casillas
100%
TrequartistaBarcellonaXavi
100%
DifensoreBarcellonaCarles Puyol
97%
AttaccanteValenciaDavid Villa
97%
AlaBayern MonacoArjen Robben
94%
DifensoreBarcellonaGerard Piqué
94%
DifensoreReal MadridSergio Ramos
94%
TrequartistaInterWesley Sneijder
94%
CentrocampistaBarcellonaSergio Busquets
90%
AttaccanteArsenalRobin van Persie
87%
AlaBarcellonaPedro
81%
CentrocampistaReal MadridXabi Alonso
81%
AlaLiverpoolDirk Kuyt
68%
CentrocampistaBayern MonacoMark van Bommel
68%
CentrocampistaManchester CityNigel de Jong
65%
PortiereAjaxMaarten Stekelenburg
58%
DifensoreVillarrealJoan Capdevila
55%
DifensoreFeyenoordGiovanni van Bronckhorst
35%
DifensoreEvertonJohn Heitinga
32%
DifensoreAjaxGregory van der Wiel
23%
DifensoreAmburgoJoris Mathijsen
19%

Distribuzione punteggi

Percentile per numero di risposta

Percentuale di utenti per punteggio

I tuoi punteggi nel tempo

Non hai fatto questo quiz